Εμπορικό Δίκαιο (Record no. 3381)
[ view plain ]
| 000 -LEADER | |
|---|---|
| fixed length control field | 02287cam a22001934a 4500 |
| 005 - ΗΜΕΡΟΜΗΝΙΑ ΚΑΙ ΩΡΑ ΤΕΛΕΥΤΑΙΑΣ ΕΝΗΜΕΡΩΣΗΣ | |
| Πεδίο ελέγχου | 20250605164114.0 |
| 008 - FIXED-LENGTH DATA ELEMENTS--GENERAL INFORMATION | |
| Πεδίο ελέγχου σταθερού μήκους | 250528s ||||||||||||||||||||||||d |
| 035 ## - SYSTEM CONTROL NUMBER | |
| System control number | 17987 |
| 020 ## - ISBN | |
| ISBN | 9786188315655 |
| 040 ## - ΠΗΓΗ ΚΑΤΑΛΟΓΟΓΡΑΦΗΣΗΣ | |
| Φορέας πρωτότυπης καταλογογράφησης | MC Athens Campus Library |
| Γλώσσα καταλογογράφησης | Ελληνικά, Μοντέρνα (1453-) |
| Modifying agency | MC Athens Campus Library |
| Κανόνες περιγραφικής καταλογογράφησης | AACR2 |
| 245 1# - ΤΙΤΛΟΣ ΚΑΙ ΔΗΛΩΣΗ ΥΠΕΥΘΥΝΟΤΗΤΑΣ | |
| Τίτλος | Εμπορικό Δίκαιο |
| 260 ## - PUBLICATION, DISTRIBUTION, ETC. | |
| Name of publisher, distributor, etc. | Ius, |
| Date of publication, distribution, etc. | 1993 |
| 300 ## - PHYSICAL DESCRIPTION | |
| Extent | 900 |
| 520 ## - SUMMARY, ETC. | |
| Summary, etc. | Εισαγωγή: Το Εμπορικό Δίκαιο, Συστήματα Προσδιορισμού του Πεδίου Εφαρμογής του Εμπορικού Δίκαιου, Εμπορικές Πράξεις, Εμπορικές Πράξεις κατά το Αντικειμενικό Σύστημα (Αντικειμενικά Εμπορικές Πράξεις), Εμπορικές Πράξεις κατά το Υποκειμενικό Σύστημα (Υποκειμενικά Εμπορικές Πράξεις), Απόκτηση και Απόδειξη και Αποβολή της Εμπορικής Ιδιότητας, Κατηγορίες Εμπόρων, Εμπορική Ικανότητα και Ανικανότητα, Ασυμβίβαστα και Περιορισμοί και Απαγορεύσεις, Λογιστικό Σύστημα: Λογιστικά Αρχεία και Στοιχεία και Εμπορικά Βιβλία, Προσωπική Κράτηση, Η Εμπορική Δημοσιότητα, Η Προστασία του Καταναλωτή, Τραπεζικό Δάνειο, Δίκαιο Τραπεζικών Συμβάσεων (Εργασιών) Η Χρηματοδοτική Μίσθωση (Leasing), Η Δικαιόχρηση ή Δικαιοχρησία (Franchising), Δίκαιο Κεφαλαιαγοράς, Αγορές Χρηματοπιστωτικών Μέσων, Η Διαφήμιση, Αθέμιτος Ανταγωνισμός, Προστασία του Ελεύθερου Ανταγωνισμού, Επωνυμία, Αξιογραφικό Δίκαιο, Συναλλαγματική, Εταιρικό Δίκαιο, Ομόρρυθμη Εταιρία, Ετερόρρυθμη Εταιρία, Αφανής Εταιρία, Κοινοπραξία, Βιβλιογραφία. |
| 700 1# - ΠΡΟΣΘΕΤΗ ΑΝΑΓΡΑΦΗ--ΦΥΣΙΚΟ ΠΡΟΣΩΠΟ | |
| Personal name | Βελέντζας Ιωάννης Ε |
| 9 (RLIN) | 4311 |
| 942 ## - ADDED ENTRY ELEMENTS (KOHA) | |
| Koha item type | Books |
| Τύπος τεκμηρίου | Βιβλιοθήκη | Τρέχουσα τοποθεσία | Barcode | Αριθμός εισαγωγής | Ημερομηνία απόκτησης | Ταξιθετικό σύμβολο | Αριθμός αντιτύπου | Κατάσταση απόσυρσης | Κατάσταση χαμένου | Κατάσταση κατεστραμμένου | Μη δανεισμός | Σύνολο δανεισμών | Ημερομηνία τελευταίας εμφάνισης | Η τιμή ισχύει από |
|---|---|---|---|---|---|---|---|---|---|---|---|---|---|---|
| Books | MC Athens Campus Library | MC Athens Campus Library | 9780000033802 | 7429 | 05/06/2025 | 346.074 95 VEL | 1 | 05/06/2025 | 05/06/2025 |